З Дніпра на Дунай (Запис № 434597)

МАРК-запис
000 -Лідер
fixed length control field 00744nam a22002537a 4500
001 - Контрольний номер
control field 54479
003 - Ідентифікатор контрольного номера
control field UA-OsUOA
005 - Дата та час останнього входження (трансакції)
control field 20200115182706.0
007 - Фіксоване поле фізичного опису
fixed length control field ta
008 - Елементи даних фіксованої довжини – загальна інформація
fixed length control field 20171025b un ||||| |||| 00| 0 ukr d
040 ## - Джерело каталогізації
Агенція оригінальної каталогізації UA-OsUOA
Мова каталогізації ukr
Агенція, яка здійснювала перезапис UA-OsUOA
Агенція, яка здійснювала модифікацію UA-OsUOA
041 ## - Код мови
Код мови тексту/ звукової доріжки чи окремого заголовка (П) ukr
080 ## - Індекс Універсальної десяткової класифікації
Індекс Універсальної десяткової класифікації (УДК) (НП) 09/82.-1
090 ## - Локальний шифр розміщення
Класифікаційний індекс УДК 09/82.-1
Авторський знак (НП) К31
100 ## - Основне введення – ім’я особи
Ім’я особи (НП) Кащенко А.
245 ## - Відомості про назву
Назва (НП) З Дніпра на Дунай
Решта назви (НП) повість
260 ## - Публікація, розповсюдження і т.п. (Вихідні дані)
Ім’я/ наймення видавництва, розповсюджувача і т.п. (П) На чужині
Дата публікації, розповсюдження і т.п. (П) 1948
300 ## - Фізичний опис
Обсяг 115 с.
650 #7 - Додаткове предметне введення – тематичний термін
Джерело заголовка чи терміна UDC
Тематичний термін чи географічна назва, як елемент введення (НП) 82 Література. Літературознавство
942 ## - Додаткові елементи входу (Коха)
Тип елемента Koha Книги
Source of classification or shelving scheme Universal Decimal Classification
955 ## - Код типу видання за змістом
Код типу видання за змістом (НП) Літературно-художні видання
Фонди
Стан вилучень Стан втрат Джерело класифікації або схеми стелажів Стан уражень Не для кредиту Код колекції Постійне місце розташування Поточне розміщення Дата придбання Джерело придбання Вартість, звичайна ціна покупки Інвентарний номер Усього замовленно Повний номер виклику Штрих-код Дата останнього перегляду Ціна ефективна від Тип елемента Koha
Withdrawn   Universal Decimal Classification     Колекція бібліотеки інституту Св. Івана АБ - Абонемент НБ АБ - Абонемент НБ 11/06/2012 48/2012 3.00 139089   821.161.2 К31 139089 13/07/2019 11/06/2012 Книги
    Universal Decimal Classification       Наукова бібліотека ІДУД Наукова бібліотека ІДУД 25/10/2017 335/2017 1.00 2139424   09/82.-1 К31 2139424 15/09/2019 25/10/2017 Книги
    Universal Decimal Classification       Наукова бібліотека ІДУД Наукова бібліотека ІДУД 08/04/2008 109/2007 1.00 2128101   09-82-3 К31 2128101 15/09/2019 08/04/2008 Книги